| 000 | 00476nam a22001817a 4500 | ||
|---|---|---|---|
| 003 | NUST - PNEC | ||
| 005 | 20170116181204.0 | ||
| 008 | 160225b xxu||||| |||| 00| 0 eng d | ||
| 020 | _a9789698893064 | ||
| 040 | _cLIBRARY | ||
| 082 | _a796.358 SHA | ||
| 100 |
_916631 _aShahzad Ali Khan |
||
| 245 |
_aCricket Milestones _cShahzad Ali Khan |
||
| 260 |
_aKararchi _bJumbo Publishing _cc.2009 |
||
| 300 | _a100 p. : | ||
| 650 |
_916632 _aCricket _xGeneral |
||
| 942 |
_2ddc _cBK |
||
| 999 |
_c71587 _d71587 |
||